Quizzes
Events
Quiz Creation
Community
Videos
Private Events
Remove Ads
Sign In
Join for FREE
Feedback
Dark Mode
Quiz Categories
Sports
Geography
Music
Movies
Television
Just For Fun
Miscellaneous
History
Literature
Language
Science
Gaming
Entertainment
Religion
Holiday
For Kids
Quiz Lab
Recent
Popular Today
Quiz Kudos Today
Editor Picks
Curator Picks
Quizzes by...
Day
Popularity
Type
Ratings
Length
Year
Community
Subscriptions
Recent Discussions
Orange Saloon
Badges
Playlists
Quests
Create
Leaderboards
Showdown
Live 5
Trivia Bingo
Activity
Puzzle Library
Sporcle Events
Private Events
Virtual Trivia
Globe League
Become a Host
Pub Owners
SporcleCon
Opinionation
Our Games
Videos
Blog
Mobile Apps
Partnerships
Remove Ads and Go Orange
Feedback
Movies
Disney
Marvel Cinematic Universe
Movie Resume
Movie Titles
Oscar
Actor
Actress
Director
Pixar
Role
Movie Quotes
Movie Characters
Box Office
Nominee
Best Picture
Star Wars
James Bond
Horror Movies
Movies
Disney
Marvel Cinematic Universe
Movie Resume
Movie Titles
Oscar
Actor
Actress
Director
Pixar
Role
Movie Quotes
Movie Characters
Box Office
Nominee
Best Picture
Star Wars
James Bond
Horror Movies
Random Quiz
Search Sporcle
×
Quiz Lab
Quiz Lab
Movies
Sporcle
Type in answers that appear in a list
Type in answers that appear in a list
Classic
Best Score? Go Orange.
Sporcle: The Movie Stats
Can you name the movies with the word 'movie' in the title?
By
dmartschenko
12m
35 Questions
499 Plays
499 Plays
499 Plays
Comments
Comments
Give Quiz Kudos
Give Quiz Kudos
-
- Ratings
hide this ad
More Info
Replay
Link that replays current quiz
Next Quiz
Link to next quiz in quiz playlist
You Got
0%
They Got
Avg Score
40%
Avg Friend Score
Upgrade to see
Score Distribution
Jump to the score distribution portion of the page
Score
0/35
Timer
12:00
0
Plays Today
Movie Initials (Year)
Movie Title
% Correct
TMM (1979)
The Muppet Movie
85%
TSM (2007)
The Simpsons Movie
70.3%
SM (2000)
Scary Movie
66.7%
SM2 (2001)
Scary Movie 2
63.3%
SM3 (2003)
Scary Movie 3
61.9%
P3:TM (2001)
Pokémon 3: The Movie
61.7%
SM4 (2006)
Scary Movie 4
58.7%
TRM (1998)
The Rugrats Movie
58.5%
P:TM2 (2000)
Pokémon: The Movie 2000
58.1%
AGM (1995)
A Goofy Movie
57.5%
HA!TM (2002)
Hey Arnold! The Movie
57.1%
TSSM (2004)
The SpongeBob SquarePants Movie
48.5%
RIP:TM (2000)
Rugrats in Paris: The Movie
46.9%
TTM (2000)
The Tigger Movie
46.1%
DM (2006)
Date Movie
44.9%
TCBM (1985)
The Care Bears Movie
44.7%
J:TM (1990)
Jetsons: The Movie
44.1%
EM (2007)
Epic Movie
43.9%
Movie Initials (Year)
Movie Title
% Correct
TLMM (2003)
The Lizzie McGuire Movie
43.5%
TBBM (1995)
The Brady Bunch Movie
39.9%
MMPR:TM (1995)
Mighty Morphin Power Rangers: The Movie
37.1%
D1M (1999)
Doug's 1st Movie
36.7%
HM:TM (2009)
Hannah Montana: The Movie
34.7%
DM (2008)
Disaster Movie
28.9%
NATM (2001)
Not Another Teen Movie
27.5%
TWTM (2002)
The Wild Thornberrys Movie
26.1%
SM (2008)
Superhero Movie
23.6%
PBM (2003)
Piglet's Big Movie
20.4%
D:TM-
TOTLL (1990)
Ducktales: The Movie - Treasure of the Lost Lamp
20.4%
TZ:TM (1983)
Twilight Zone: The Movie
16.6%
PHM (2005)
Pooh's Heffalump Movie
15%
J:AVM (2002)
Jonah: A VeggieTales Movie
14.6%
BM (2007)
Bee Movie
13%
TPWDDA:AVM (2008)
The Pirates Who Don't Do Anything: A VeggieTales Movie
3.6%
TFTD:TM (1990)
Tales from the Darkside: The Movie
3.2%
Quiz Playlist
Details
Report
Send in Message
Add To Playlist
More Info:
Only movies grossing more than $10M at the box office as of February 2010 are included.
Classic:
Type in answers that appear in a list
Quiz Source
Last Updated: Feb 16, 2017
Quiz Scoreboard
CHALLENGE
Sign Up to Join the Scoreboard
Show All
Scores
Hide
Comments
May contain spoilers
Recently Published
Popular People in 1961
by mucciniale
History
6m
1-10 Letter E Words III
by El_Dandy
Language
2m
One Thing in Common: World Cities II
by knightlancer
Geography
7m
More to Explore
Quiz From the Vault
Featured Blog Post
Where Did the Easter Bunny Come From?
hide this ad
You Might Also Like...
Tags
Sporcle Quiz
Character
initial
Key
Today's Top Quizzes in Movies
Browse Movies
hide this ad
Today's Top Quizzes in Sporcle
Browse Sporcle
Top Contributed Quizzes in Movies
1
Multi-Oscar Nominations, One Movie, One Winner
2
12 Movies about Fictional 1960s Events
3
One Thing in Common: Movies
4
Three Word 'T' Movies Match Up
5
Sunday Crossword: Film Score Composers
6
One Thing in Common: Movies II
7
Three Word 'H' Movies Match Up
8
Three Word 'M' Movies Match Up
9
One Thing in Common: Oscars
10
Three Word 'P' Movies Match Up
Explore More
Trending Topics
Harry Potter
Kpop
Disney
NBA
Anime
Crossword
Marvel
WWE
Puzzle
Country
Soccer
Pokémon
NFL
Song
The Office
hide this ad
More By:
dmartschenko
Quiz
Plays
Rating
Category
Featured
Created
Sitcom Husbands & Wives
180,271
4.47
Television
Oct 15, 2009
Popular Bible Words
137,890
4.29
Religion
Nov 10, 2009
LOST Numbers
128,432
3.89
Television
Jan 23, 2010
Sitcom Husbands & Wives II
17,045
4.02
Television
Oct 19, 2009
Know Your Division Tables?
9,079
3.64
Science
Mar 24, 2010
Go to Creator's Profile
Score Distribution
Quiz Creator Spotlight
dmartschenko
Follow
Send a Message
Quizzes Created
-
Created Quiz Play Count
-
More By This Creator
Popular Quizzes Today
1
Find the US States - No Outlines Minefield
2
The Countries of the World
3
Find the Countries of Europe - No Outlines Minefield
4
Popular People in 1961
5
1-10 Letter E Words III
6
Find the US States
7
One Thing in Common: World Cities II
8
US States
More Movies Quizzes
Lego Star Wars Holiday Special Characters
Curator's Pick
Trending Quizzes
Risky Map Clicking: Least Populous States A-Z
1-10 Letter F Words
1-10 Letter G Words
One Thing in Common: United Kingdom
Risky Map Clicking: Next State Alphabetically
Recently Updated
Leaping Animals
pecheneg
Reality TV Shows (A-Z)
bhenderson79
Rickey Henderson's Hall of Fame Teammates
pecheneg
Champions League XIs: Arsenal
pecheneg
Quick Pick: Celebrities in WWE's Hall of Fame
aduchscher
A-Z Keypad Blitz II
pecheneg
Multiple Oscar Actors
pecheneg
Mystery Phrase Blitz: Oscar 'Best Actors'
pecheneg
F. Scott Fitzgerald Novels
LTH
Pick 3 Villains
ddd62291
Trending Topics
Kpop
Harry Potter
NBA
Anime
Marvel
Disney
Crossword
Soccer
The Office
Pokémon
Song
NFL
Country
WWE
Puzzle
Your Account Isn't Verified!
In order to create a playlist on Sporcle, you need to verify the email address you used during registration. Go to your
Sporcle Settings
to finish the process.
Report this User
Report this user for behavior that violates our
Community Guidelines
.
Details:
Send Report
Go to the Sporcle.com Mobile Site →
Comments